| 000 | 00892nam a2200217Ia 4500 | ||
|---|---|---|---|
| 001 | 16683 | ||
| 003 | GE_BSU | ||
| 008 | 181216s||||||||xx |||||||||||||| ||und|| | ||
| 040 | _cGE_BSU | ||
| 080 | _a329.150.1(092კუიბიშევი, ვ) | ||
| 100 | _aკუიბიშევი, ვ.ვ. | ||
| 245 | _aეპიზოდები ჩემი ცხოვრებიდან | ||
| 245 | _cწინასიტყვ. ემ. იაროსლავსკი. პ/მგ.გამოშვ.-ს ვ.ბერაია | ||
| 260 | _aთბილისი | ||
| 260 | _bსაბლიტგამი | ||
| 260 | _c1940 | ||
| 300 | _a123გვ. : პორტრ. და ილ., 1ჩ. ფ. პორტრ. ; 17სმ | ||
| 653 | _aეპიზოდები ჩემი ცხოვრებიდან | ||
| 653 | _aკუიბიშევი, ვ.ვ | ||
| 942 | _cBK | ||
| 999 |
_c49748 _d49748 |
||